<?xml version="1.0" encoding="UTF-8"?>
<record
    xmlns:xsi="http://www.w3.org/2001/XMLSchema-instance"
    xsi:schemaLocation="http://www.loc.gov/MARC21/slim http://www.loc.gov/standards/marcxml/schema/MARC21slim.xsd"
    xmlns="http://www.loc.gov/MARC21/slim">

  <leader>02155nam a2200421 i 4500</leader>
  <controlfield tag="003">KOSZ 005</controlfield>
  <controlfield tag="005">20200616113402.0</controlfield>
  <controlfield tag="008">140303s2005    pl a   f m   |000 0 pol d</controlfield>
  <datafield tag="035" ind1=" " ind2=" ">
    <subfield code="a">2452</subfield>
  </datafield>
  <datafield tag="040" ind1=" " ind2=" ">
    <subfield code="c">KOSZ 005</subfield>
    <subfield code="a">KOSZ 005</subfield>
    <subfield code="d">KOSZ 005/EG</subfield>
  </datafield>
  <datafield tag="041" ind1=" " ind2=" ">
    <subfield code="a">pol</subfield>
  </datafield>
  <datafield tag="046" ind1=" " ind2=" ">
    <subfield code="a">2005</subfield>
  </datafield>
  <datafield tag="080" ind1=" " ind2=" ">
    <subfield code="a">621.5</subfield>
  </datafield>
  <datafield tag="084" ind1=" " ind2=" ">
    <subfield code="a">370000</subfield>
  </datafield>
  <datafield tag="100" ind1="1" ind2=" ">
    <subfield code="a">Baran, Marcin.</subfield>
    <subfield code="e">Autor</subfield>
  </datafield>
  <datafield tag="245" ind1="1" ind2="0">
    <subfield code="a">Badanie wrzenia p&#x119;cherzykowego czynnika ch&#x142;odniczego w szczelinie pier&#x15B;cieniowej :</subfield>
    <subfield code="b">rozprawa doktorska /</subfield>
    <subfield code="c">Marcin Baran ; Politechnika Koszali&#x144;ska. Wydzia&#x142; Mechaniczny. Katedra Techniki Cieplnej i Ch&#x142;odnictwa.</subfield>
  </datafield>
  <datafield tag="260" ind1=" " ind2=" ">
    <subfield code="a">Koszalin :</subfield>
    <subfield code="b">[s.n.],</subfield>
    <subfield code="c">2005.</subfield>
  </datafield>
  <datafield tag="300" ind1=" " ind2=" ">
    <subfield code="a">112 stron :</subfield>
    <subfield code="b">ilustracje ;</subfield>
    <subfield code="c">30 cm +</subfield>
    <subfield code="e">2 recenzje.</subfield>
  </datafield>
  <datafield tag="336" ind1=" " ind2=" ">
    <subfield code="2">rdacontent</subfield>
    <subfield code="a">Tekst</subfield>
    <subfield code="b">txt</subfield>
  </datafield>
  <datafield tag="337" ind1=" " ind2=" ">
    <subfield code="2">rdamedia</subfield>
    <subfield code="a">Bez urz&#x105;dzenia po&#x15B;rednicz&#x105;cego</subfield>
    <subfield code="b">n</subfield>
  </datafield>
  <datafield tag="338" ind1=" " ind2=" ">
    <subfield code="2">rdacarrier</subfield>
    <subfield code="a">Wolumin</subfield>
    <subfield code="b">nc</subfield>
  </datafield>
  <datafield tag="500" ind1=" " ind2=" ">
    <subfield code="a">Druk jednostronny.</subfield>
  </datafield>
  <datafield tag="502" ind1=" " ind2=" ">
    <subfield code="a">Rozprawa doktorska. Politechnika Koszali&#x144;ska. 2005.</subfield>
  </datafield>
  <datafield tag="504" ind1=" " ind2=" ">
    <subfield code="a">Bibliografia na stronach 102-106.</subfield>
  </datafield>
  <datafield tag="520" ind1=" " ind2=" ">
    <subfield code="a">Celem pracy jest analiza eksperymentalna i teoretyczna procesu wrzenia p&#x119;cherzykowego w pionowym kanale o kszta&#x142;cie szczeliny pier&#x15B;cieniowej z zastosowaniem proekologicznego czynnika ch&#x142;odniczego. W tezie pracy za&#x142;o&#x17C;ono, &#x17C;e w mechanizmie przekazywania energii w procesie wrzenia p&#x119;cherzykowego w przep&#x142;ywie najwi&#x119;ksz&#x105; rol&#x119; odgrywaj&#x105; trzy sposoby: przewodzenie ciep&#x142;a od &#x15B;cianki kana&#x142;u do rdzenia turbulentnego, efektywno&#x15B;&#x107; oddzia&#x142;ywania upust&#xF3;w ciep&#x142;a oraz turbulizacja cieczy przez powstaj&#x105;ce na &#x15B;ciance i odrywaj&#x105;ce si&#x119; od &#x15B;cianki p&#x119;cherzyki parowe.</subfield>
  </datafield>
  <datafield tag="653" ind1=" " ind2=" ">
    <subfield code="a">Wymiana ciep&#x142;a</subfield>
  </datafield>
  <datafield tag="653" ind1=" " ind2=" ">
    <subfield code="a">Wrzenie p&#x119;cherzykowe</subfield>
  </datafield>
  <datafield tag="653" ind1=" " ind2=" ">
    <subfield code="a">Wymienniki ciep&#x142;a</subfield>
  </datafield>
  <datafield tag="653" ind1=" " ind2=" ">
    <subfield code="a">Czynnik ch&#x142;odniczy</subfield>
  </datafield>
  <datafield tag="658" ind1=" " ind2=" ">
    <subfield code="a">In&#x17C;ynieria i technika</subfield>
  </datafield>
  <datafield tag="655" ind1=" " ind2="4">
    <subfield code="a">Rozprawa doktorska</subfield>
  </datafield>
  <datafield tag="700" ind1="1" ind2=" ">
    <subfield code="a">Bohdal, Tadeusz.</subfield>
    <subfield code="e">Promotor</subfield>
  </datafield>
  <datafield tag="700" ind1="1" ind2=" ">
    <subfield code="a">Czapp, Marian.</subfield>
    <subfield code="e">Recenzja</subfield>
  </datafield>
  <datafield tag="700" ind1="1" ind2=" ">
    <subfield code="a">Poniewski, Mieczys&#x142;aw E.</subfield>
    <subfield code="e">Recenzja</subfield>
  </datafield>
  <datafield tag="710" ind1="2" ind2=" ">
    <subfield code="a">Wydzia&#x142; Mechaniczny (Politechnika Koszali&#x144;ska)</subfield>
  </datafield>
  <datafield tag="942" ind1=" " ind2=" ">
    <subfield code="c">DOK</subfield>
    <subfield code="2">UKD</subfield>
  </datafield>
  <datafield tag="999" ind1=" " ind2=" ">
    <subfield code="c">2452</subfield>
    <subfield code="d">2452</subfield>
  </datafield>
  <datafield tag="952" ind1=" " ind2=" ">
    <subfield code="0">0</subfield>
    <subfield code="1">0</subfield>
    <subfield code="3">2 recenzje</subfield>
    <subfield code="4">0</subfield>
    <subfield code="7">1</subfield>
    <subfield code="a">BPK</subfield>
    <subfield code="b">BPK</subfield>
    <subfield code="c">i</subfield>
    <subfield code="o">RD 089</subfield>
    <subfield code="p">00901284</subfield>
    <subfield code="y">DOK</subfield>
  </datafield>
</record>
